Engineering thermodynamics (Record no. 545840)
[ view plain ]
| 000 -LEADER | |
|---|---|
| fixed length control field | 00373nam a22001337a 4500 |
| 082 ## - DEWEY DECIMAL CLASSIFICATION NUMBER | |
| Classification number | 621.4021 |
| Author Mark | SAD |
| -- | L-12, P-29 |
| 100 ## - MAIN ENTRY--PERSONAL NAME | |
| Personal name | Saden, Munir R. |
| 9 (RLIN) | 41808 |
| 245 ## - TITLE STATEMENT | |
| Title | Engineering thermodynamics |
| 260 ## - PUBLICATION, DISTRIBUTION, ETC. | |
| Place of publication, distribution, etc. | USA |
| Name of publisher, distributor, etc. | D. Van Nostrand Company, Inc. |
| 300 ## - PHYSICAL DESCRIPTION | |
| Extent | xv, 216 p. : |
| Other physical details | ill. : |
| Dimensions | 8 Cm |
| 526 ## - STUDY PROGRAM INFORMATION NOTE | |
| Program name | 0 |
| Interest level | 0 |
| Reading level | 0 |
| Title point value | 621_402100000000000_SAD |
| 650 ## - SUBJECT ADDED ENTRY--TOPICAL TERM | |
| Topical term or geographic name entry element | MCE |
| 9 (RLIN) | 379 |
| 942 ## - ADDED ENTRY ELEMENTS (KOHA) | |
| Source of classification or shelving scheme | |
| Koha item type | Book |
| Withdrawn status | Lost status | Source of classification or shelving scheme | Damaged status | Not for loan | Permanent Location | Current Location | Date acquired | Total Checkouts | Full call number | Barcode | Date last seen | Date last checked out | Price effective from | Koha item type |
|---|---|---|---|---|---|---|---|---|---|---|---|---|---|---|
| Military College of Engineering (MCE) | Military College of Engineering (MCE) | 05/29/2014 | 1 | 621.4021 SAD | MCE-2452 | 09/15/2014 | 09/15/2014 | 05/29/2014 | Book |
